[Event "ch-FRA Blitz Online Qual"]
[Site "Europe-Chess INT"]
[Date "2020.05.16"]
[Round "6"]
[White "Suarez Real, Alberto"]
[Black "Jobava, Baadur"]
[Result "0-1"]
[WhiteTitle "IM"]
[BlackTitle "GM"]
[WhiteElo "2448"]
[BlackElo "2603"]
[WhiteFideId "2218534"]
[BlackFideId "13601520"]
[EventDate "2020.05.16"]

1. e4 c6 2. d4 d5 3. Nc3 dxe4 4. Nxe4 Nf6 5. Nxf6+ exf6 6. c3 Bd6 7. Bd3 O-O 8.
Qc2 Re8+ 9. Ne2 h5 10. O-O Qc7 11. h3 Nd7 12. Be3 Nf8 13. c4 Be6 14. c5 Bh2+ 15.
Kh1 h4 16. Rad1 Rad8 17. a3 Qb8 18. Qd2 Bc7 19. Nf4 Bb3 20. Rde1 Ne6 21. Nxe6
Rxe6 22. Qe2 g6 23. Qg4 Kg7 24. Qxh4 Rh8 25. Qg4 Bd5 26. Bd2 Qd8 27. Bc3 f5 28.
Bxf5 Rxe1 29. Rxe1 Rh4 30. Qe2 gxf5 31. Kg1 Rxh3 32. Qe7 Rh1+ 33. Kxh1 Qh8+ 34.
Kg1 Qh2+ 35. Kf1 Bc4+ 0-1

[Event "ch-FRA Blitz Online Qual"]
[Site "Europe-Chess INT"]
[Date "2020.05.16"]
[Round "6"]
[White "Safarli, Eltaj"]
[Black "Maze, Sebastien"]
[Result "1-0"]
[WhiteTitle "GM"]
[BlackTitle "GM"]
[WhiteElo "2598"]
[BlackElo "2557"]
[WhiteFideId "13402129"]
[BlackFideId "613762"]
[EventDate "2020.05.16"]

1. e4 c5 2. Nc3 Nc6 3. Bb5 Nd4 4. Nf3 e6 5. O-O Ne7 6. Nxd4 cxd4 7. Ne2 a6 8.
Bd3 d5 9. exd5 Qxd5 10. c3 Nc6 11. Qc2 Qd6 12. Be4 Bd7 13. Bxc6 bxc6 14. Nxd4 c5
15. Nf3 Bc6 16. d4 Bxf3 17. gxf3 cxd4 18. Qa4+ Qd7 19. Qxd7+ Kxd7 20. Rd1 Bc5
21. Be3 Kc6 22. Bxd4 Bxd4 23. Rxd4 Rhd8 24. Rad1 Rxd4 25. Rxd4 Rb8 26. Rc4+ Kd6
27. Rb4 Rxb4 28. cxb4 Kd5 29. b3 Kd4 30. a4 g5 31. Kf1 h5 32. Ke2 f5 33. Kd2 h4
34. Ke2 e5 35. Kd2 Kd5 36. Kd3 Kd6 37. Kc4 Kc6 38. b5+ axb5+ 39. axb5+ Kd6 40.
b6 Kc6 41. b7 Kxb7 42. Kd5 e4 43. fxe4 f4 44. Ke5 f3 45. Kf5 1-0

[Event "ch-FRA Blitz Online Qual"]
[Site "Europe-Chess INT"]
[Date "2020.05.16"]
[Round "6"]
[White "Choukri, Adel"]
[Black "Riff, Jean-Noel"]
[Result "1-0"]
[WhiteTitle "FM"]
[BlackTitle "GM"]
[WhiteElo "2311"]
[BlackElo "2504"]
[WhiteFideId "9000399"]
[BlackFideId "611190"]
[EventDate "2020.05.16"]

1. e4 e5 2. Nf3 Nc6 3. Bb5 a6 4. Ba4 Nf6 5. d3 d6 6. O-O Be7 7. h3 b5 8. Bb3 Na5
9. Nc3 Nxb3 10. axb3 c6 11. Re1 O-O 12. d4 Qc7 13. Bg5 h6 14. Bh4 Be6 15. Qd2
Rfe8 16. Rad1 Rad8 17. Bg3 Nd7 18. Ra1 Qb6 19. b4 Bf6 20. d5 cxd5 21. Nxd5 Qb7
22. Red1 Rc8 23. c3 Bd8 24. Bh4 g5 25. Bg3 Rc6 26. Ne3 Nf6 27. Qd3 Rb6 28. Nd2
Be7 29. h4 Rd8 30. hxg5 hxg5 31. Nd5 Nxd5 32. exd5 Qxd5 33. Qe3 Qc6 34. Ne4 f6
35. Qf3 Kg7 36. Qe3 Rbb8 37. Rd2 d5 38. Nxg5 fxg5 39. Bxe5+ Kg6 40. Bxb8 Rxb8
41. Re1 Rb6 42. Rde2 Kf7 43. Qf3+ Bf6 44. Qh5+ Kg7 45. Rxe6 Qxe6 46. Rxe6 Rxe6
47. Qg4 Re4 48. Qd7+ Kg6 49. Qxd5 Re1+ 50. Kh2 Rb1 51. Qe4+ Kg7 52. Qxb1 1-0

[Event "ch-FRA Blitz Online Qual"]
[Site "Europe-Chess INT"]
[Date "2020.05.16"]
[Round "6"]
[White "Baklan, Vladimir"]
[Black "Efimov, Igor"]
[Result "1-0"]
[WhiteTitle "GM"]
[BlackTitle "GM"]
[WhiteElo "2587"]
[BlackElo "2409"]
[WhiteFideId "14102196"]
[BlackFideId "806404"]
[EventDate "2020.05.16"]

1. e4 d6 2. d4 Nf6 3. Nc3 g6 4. f4 Bg7 5. Nf3 O-O 6. a3 c6 7. Be3 Nbd7 8. e5 Ng4
9. Bg1 dxe5 10. dxe5 Nb6 11. h3 Nh6 12. g4 Be6 13. Qd4 f6 14. O-O-O Qc7 15. Qe3
Nd5 16. Nxd5 Bxd5 17. exf6 exf6 18. Bg2 Rfe8 19. Qd2 Rad8 20. Nd4 Bxg2 21. Qxg2
Qxf4+ 22. Kb1 c5 23. Bh2 Qe4 24. Qxe4 Rxe4 25. Nb5 Rxd1+ 26. Rxd1 a6 27. Rd8+
Kf7 28. Nd6+ Ke7 29. Re8+ Kd7 30. Rxe4 Bf8 31. Nc4 b5 32. Nd2 f5 33. gxf5 Nxf5
34. Re1 c4 35. Ne4 Kc6 36. Nf6 h5 37. Re6+ Kb7 38. Nd5 g5 39. Rf6 1-0

[Event "ch-FRA Blitz Online Qual"]
[Site "Europe-Chess INT"]
[Date "2020.05.16"]
[Round "6"]
[White "Villegas, Pierre"]
[Black "Guseinov, Gadir"]
[Result "0-1"]
[WhiteTitle "IM"]
[BlackTitle "GM"]
[WhiteElo "2364"]
[BlackElo "2665"]
[WhiteFideId "654183"]
[BlackFideId "13401378"]
[EventDate "2020.05.16"]

1. d4 Nf6 2. c4 g6 3. f3 Bg7 4. e4 d6 5. Ne2 O-O 6. Be3 a6 7. Qd2 Nc6 8. Nbc3
Bd7 9. Rc1 b5 10. cxb5 axb5 11. Nxb5 Rxa2 12. Nec3 Ra5 13. Be2 Qb8 14. O-O Ra8
15. Nd5 Nxd5 16. exd5 Na5 17. Qb4 c6 18. Ra1 cxb5 19. Rxa5 Rxa5 20. Qxa5 Qb7 21.
Rc1 Qxd5 22. Qa7 Be6 23. Kf2 Qb3 24. Qxe7 Qxb2 25. Rd1 d5 26. Qb7 b4 27. Rd2 Qc3
28. Rd3 Qc4 29. Rd2 Qb3 30. Rd3 Qa4 31. Bd1 Qa5 32. Bb3 Rc8 33. Bd2 Bf8 34. Re3
Qa8 35. Qb5 Qa7 36. Bxd5 Qxd4 37. Bxe6 Qxd2+ 38. Re2 Qd4+ 0-1

[Event "ch-FRA Blitz Online Qual"]
[Site "Europe-Chess INT"]
[Date "2020.05.16"]
[Round "6"]
[White "Velten, Paul"]
[Black "Laurent-Paoli, Pierre"]
[Result "0-1"]
[WhiteTitle "GM"]
[BlackTitle "FM"]
[WhiteElo "2480"]
[BlackElo "2402"]
[WhiteFideId "681091"]
[BlackFideId "26017962"]
[EventDate "2020.05.16"]

1. d4 Nf6 2. c4 c5 3. d5 b5 4. Nd2 g6 5. e4 d6 6. cxb5 a6 7. a4 Bg7 8. Ngf3 O-O
9. Ra3 Nbd7 10. Be2 axb5 11. axb5 Rb8 12. O-O Nb6 13. Qc2 e6 14. dxe6 Bxe6 15.
Rd1 Qe7 16. e5 dxe5 17. Nxe5 Bf5 18. Qc3 Nfd5 19. Nc6 Qxe2 20. Qf3 Qxf3 21. Nxf3
Ra8 22. Ra6 Rxa6 23. bxa6 Ra8 24. a7 Bd7 25. Nfe5 Bxe5 26. Nxe5 Rxa7 27. Bh6 f6
28. Nd3 c4 29. Nc5 Bf5 30. h3 Kf7 31. g4 Bc8 32. Ne4 Rd7 33. Nc5 Re7 34. Ra1 g5
35. Rd1 Re8 36. b3 cxb3 37. Nxb3 Kg6 38. Bxg5 fxg5 39. Nd4 Nf4 40. Kh2 Rd8 41.
Rb1 Rxd4 42. Rxb6+ Be6 43. Rb8 Rd3 44. Rb6 Rxh3+ 45. Kg1 Kf6 46. Rb8 Bxg4 47. f3
Rxf3 48. Kh2 h5 49. Rb6+ Be6 50. Kg1 Ra3 51. Rb8 Ra2 52. Rf8+ Ke5 53. Rb8 h4 54.
Rb5+ Kf6 55. Rb8 h3 0-1

[Event "ch-FRA Blitz Online Qual"]
[Site "Europe-Chess INT"]
[Date "2020.05.16"]
[Round "6"]
[White "Bellahcene, Bilel"]
[Black "Muller, Anthony"]
[Result "1-0"]
[WhiteTitle "GM"]
[WhiteElo "2501"]
[BlackElo "2278"]
[WhiteFideId "696358"]
[BlackFideId "20682743"]
[EventDate "2020.05.16"]

1. e4 e6 2. d4 d5 3. Nc3 Nf6 4. e5 Nfd7 5. f4 c5 6. Nf3 Nc6 7. Be3 cxd4 8. Nxd4
Bc5 9. Qd2 O-O 10. O-O-O a6 11. h4 Nxd4 12. Bxd4 b5 13. Kb1 b4 14. Ne2 a5 15.
Bxc5 Nxc5 16. Nd4 Qb6 17. Qe3 Ba6 18. h5 Bxf1 19. Rhxf1 Ne4 20. Rd3 Rac8 21. f5
Rc4 22. h6 g6 23. b3 Rcc8 24. g4 Qc7 25. Qf4 Rce8 26. fxe6 fxe6 27. Qxf8+ Rxf8
28. Rxf8+ 1-0

[Event "ch-FRA Blitz Online Qual"]
[Site "Europe-Chess INT"]
[Date "2020.05.16"]
[Round "6"]
[White "Degardin, Sylvain"]
[Black "Guliyev, Namig"]
[Result "1-0"]
[BlackTitle "GM"]
[WhiteElo "2267"]
[BlackElo "2529"]
[WhiteFideId "20623070"]
[BlackFideId "13400363"]
[EventDate "2020.05.16"]

1. e4 c5 2. Nf3 e6 3. d4 cxd4 4. Nxd4 Nf6 5. Nc3 d6 6. g4 h6 7. Rg1 g5 8. b3 a6
9. Bb2 Nbd7 10. Qe2 Ne5 11. O-O-O b5 12. Kb1 Bb7 13. f3 Nfd7 14. Rh1 Rc8 15. h4
Rg8 16. hxg5 hxg5 17. Qe3 Qc7 18. Rh2 Be7 19. Bd3 Nf8 20. Rdh1 Nfg6 21. Nde2 Qc5
22. Qxc5 dxc5 23. Ng1 c4 24. Be2 Bc5 25. bxc4 Bd4 26. c5 Bxc5 27. Nd1 Ke7 28.
Nh3 f6 29. Nhf2 Rh8 30. Bxe5 Rxh2 31. Bxh2 e5 32. Nd3 Bd6 33. Bg1 Nf8 34. Ne3
Kd7 35. Rh6 Be7 36. Nf5 Ba3 37. Rxf6 Ke8 38. Nxe5 Rc7 39. c4 Bb4 40. c5 Bxc5 41.
Bxc5 Rxc5 42. Nd6+ Ke7 43. Nxb7 Rxe5 44. Rf5 Re6 45. Nc5 Rc6 46. Nb3 Ne6 47. Rd5
Rc3 48. Bd1 Re3 49. Kc2 Re1 50. Kd2 Rg1 51. Kc3 Nf4 52. Rd2 Rh1 53. Kd4 Ne6+ 54.
Ke5 Re1 55. Nd4 Nd8 56. Nf5+ Ke8 57. Nd6+ Ke7 58. Nf5+ Ke8 59. Bb3 Nc6+ 60. Kf6
Rf1 61. Kxg5 Rxf3 62. Bd5 Ne5 63. Rc2 Rd3 64. Rc7 Kd8 65. Ra7 Nf3+ 66. Kf6 Ra3
67. g5 Nxg5 68. Kxg5 Kc8 69. Kf6 Kb8 70. Rh7 b4 71. Bb3 a5 72. e5 a4 73. Rh3
axb3 74. axb3 Ra6+ 75. e6 Kc7 76. Kf7 Ra1 77. e7 Rf1 78. e8=Q Rxf5+ 79. Kg6 Re5
80. Qxe5+ 1-0

[Event "ch-FRA Blitz Online Qual"]
[Site "Europe-Chess INT"]
[Date "2020.05.16"]
[Round "6"]
[White "Demuth, Adrien"]
[Black "Boyer, Mahel"]
[Result "1-0"]
[WhiteTitle "GM"]
[BlackTitle "FM"]
[WhiteElo "2492"]
[BlackElo "2294"]
[WhiteFideId "642274"]
[BlackFideId "45102422"]
[EventDate "2020.05.16"]

1. Nf3 Nf6 2. c4 e6 3. e3 d5 4. Nc3 Bd6 5. b3 b6 6. Bb2 Bb7 7. g3 O-O 8. Bg2
Nbd7 9. O-O a6 10. Qe2 Qe7 11. Rad1 dxc4 12. bxc4 e5 13. d3 Rfe8 14. Nh4 Bxg2
15. Kxg2 Qe6 16. Kg1 Nc5 17. e4 Bf8 18. Nd5 Nxd5 19. cxd5 Qd7 20. Qf3 c6 21.
dxc6 Qxc6 22. Rfe1 Rad8 23. Nf5 Qb5 24. Ba1 Nxd3 25. Rf1 Nc5 26. Rxd8 Rxd8 27.
Bxe5 Qd3 28. Qg4 g6 29. Qh4 Re8 30. Ba1 Qxe4 31. Qf6 Re5 32. Bxe5 Qxf5 33. Qh8# 1-0

[Event "ch-FRA Blitz Online Qual"]
[Site "Europe-Chess INT"]
[Date "2020.05.16"]
[Round "6"]
[White "Muminova, Nafisa"]
[Black "Shchekachev, Andrei"]
[Result "1-0"]
[WhiteTitle "WGM"]
[BlackTitle "GM"]
[WhiteElo "2274"]
[BlackElo "2533"]
[WhiteFideId "14201526"]
[BlackFideId "4107730"]
[EventDate "2020.05.16"]

1. d4 g6 2. Nc3 Bg7 3. e4 c6 4. Nf3 d5 5. e5 Bg4 6. Be2 e6 7. h3 Bxf3 8. Bxf3
Ne7 9. Bf4 c5 10. O-O cxd4 11. Nb5 O-O 12. Nxd4 Nbc6 13. Re1 Qb6 14. Nb3 Rfd8
15. c3 a5 16. Qd2 a4 17. Nc1 Na5 18. Nd3 Nc4 19. Qc1 Rac8 20. Rb1 d4 21. Be4 Qc7
22. b3 Nxe5 23. Nxe5 Bxe5 24. Bxe5 Qxe5 25. Bxb7 Qf6 26. Bxc8 Rxc8 27. c4 Nd5
28. Qd2 Nf4 29. Re4 e5 30. Rd1 g5 31. Rde1 Ng6 32. g3 h6 33. Kg2 Qf5 34. Qe2 f6
35. Qh5 Kg7 36. Qe2 axb3 37. axb3 Rb8 38. Qd3 Qc8 39. Rb1 Rb4 40. Qd2 Qb7 41. f3
h5 42. Qd3 h4 43. c5 hxg3 44. Kxg3 Nf4 45. Qc2 Qc6 46. Ra1 Rb7 47. b4 Qe6 48.
Rh1 Rxb4 49. h4 Rc4 50. Qa2 Rxc5 51. Qa7+ Qf7 52. Qxc5 Ne6 53. Qc2 Qg6 54. hxg5
Nxg5 55. Qc7+ Nf7+ 56. Kf2 Qg5 57. Rg1 1-0

[Event "ch-FRA Blitz Online Qual"]
[Site "Europe-Chess INT"]
[Date "2020.05.16"]
[Round "6"]
[White "Wirig, Anthony"]
[Black "Tokhirjonova, Gulrukhbegim"]
[Result "0-1"]
[WhiteTitle "GM"]
[BlackTitle "WGM"]
[WhiteElo "2499"]
[BlackElo "2378"]
[WhiteFideId "615013"]
[BlackFideId "14203626"]
[EventDate "2020.05.16"]

1. d4 Nf6 2. Bg5 d5 3. Bxf6 exf6 4. e3 f5 5. g3 g6 6. Bg2 Bg7 7. c4 dxc4 8. Qa4+
c6 9. Qxc4 O-O 10. Nc3 Be6 11. Qa4 Nd7 12. Nge2 Nb6 13. Qc2 Rc8 14. b4 a5 15.
Rb1 Nc4 16. Qc1 axb4 17. Rxb4 c5 18. dxc5 Rxc5 19. Rxb7 Qa5 20. O-O Nd6 21. Rb2
Bxc3 22. Rc2 Bb4 23. Nd4 Rxc2 24. Qxc2 Rc8 25. Qb1 Bxa2 26. Qb2 Bc3 27. Nc6 Bxb2
28. Nxa5 Ne4 29. Rd1 Rc1 30. Rxc1 Bxc1 31. Nc6 Kg7 32. Nd4 Bb2 33. Ne2 Bc4 34.
Nf4 Kf6 35. h4 Bc3 36. Nh3 h6 37. Bf3 g5 38. hxg5+ hxg5 39. g4 Nd2 40. Bd1 fxg4
41. Bxg4 Be6 42. Bxe6 fxe6 43. Kg2 Kf5 44. Ng1 Be5 45. Ne2 g4 46. Nc1 Ke4 47.
Na2 Kd3 48. Nb4+ Ke2 49. Nc6 Bf6 50. Kg3 Ne4+ 51. Kxg4 Nxf2+ 52. Kf4 Nd3+ 53.
Ke4 Nc5+ 54. Kf4 Kd3 55. Nb4+ Kc4 56. Nc2 Bc3 57. Na3+ Kd3 58. Nb5 Bd2 59. Ke5
Bxe3 60. Nc7 Bd4+ 61. Kf4 e5+ 62. Kg3 e4 63. Nd5 Kc4 64. Nf4 Be5 0-1

[Event "ch-FRA Blitz Online Qual"]
[Site "Europe-Chess INT"]
[Date "2020.05.16"]
[Round "6"]
[White "Marcelin, Cyril"]
[Black "Razafindratsima, Timothe"]
[Result "1-0"]
[WhiteTitle "GM"]
[BlackTitle "FM"]
[WhiteElo "2444"]
[BlackElo "2336"]
[WhiteFideId "607274"]
[BlackFideId "36069884"]
[EventDate "2020.05.16"]

1. d4 Nf6 2. Nf3 g6 3. c3 Bg7 4. Bg5 d5 5. Nbd2 O-O 6. e3 c5 7. Be2 Nc6 8. O-O
h6 9. Bxf6 Bxf6 10. dxc5 e5 11. b4 Bf5 12. Nb3 a5 13. b5 a4 14. bxc6 axb3 15.
cxb7 Rxa2 16. Qxb3 Rxe2 17. Ra8 Qxa8 18. bxa8=R Rxa8 19. Qxd5 Rd8 20. Qc6 Kg7
21. h3 Rc2 22. Qc7 Rxc3 23. Nxe5 Be6 24. Ng4 Rc8 25. Qf4 Bxg4 26. Qxg4 R8xc5 27.
Re1 h5 28. Qf3 Rf5 29. Qe2 Rfc5 30. g3 Rc2 31. Qf3 Rf5 32. Qg2 Rfxf2 33. Qxf2
Rxf2 34. Kxf2 h4 35. g4 Be5 36. Kf3 f5 37. Rb1 Kf6 38. Rb5 Bg3 39. e4 fxe4+ 40.
Kxe4 Be1 41. Rb6+ Kg5 42. Rb5+ Kf6 43. Rd5 Bc3 44. Kf4 g5+ 45. Ke4 Bb2 46. Rd6+
Kf7 47. Rc6 Kg7 48. Kf5 Bd4 49. Rg6+ Kf7 50. Rxg5 Bf2 51. Rh5 Bg3 52. g5 Kg7 53.
g6 Be1 54. Rh7+ Kg8 55. Kf6 Bc3+ 56. Kg5 Be1 57. Rxh4 Bxh4+ 58. Kxh4 Kg7 59. Kg5
Kg8 60. Kh6 Kh8 61. g7+ Kg8 62. h4 1-0

[Event "ch-FRA Blitz Online Qual"]
[Site "Europe-Chess INT"]
[Date "2020.05.16"]
[Round "6"]
[White "Materia, Marco"]
[Black "Bauer, Christian"]
[Result "0-1"]
[WhiteTitle "FM"]
[BlackTitle "GM"]
[WhiteElo "2269"]
[BlackElo "2623"]
[WhiteFideId "45150451"]
[BlackFideId "603767"]
[EventDate "2020.05.16"]

1. d4 a6 2. c4 b5 3. e3 bxc4 4. Bxc4 Nf6 5. Nf3 e6 6. O-O d5 7. Bd3 c5 8. dxc5
Bxc5 9. Nc3 Bb7 10. Qe2 O-O 11. e4 d4 12. Na4 Be7 13. Rd1 Nc6 14. e5 Nd5 15. Qe4
g6 16. Bh6 Re8 17. Nxd4 Nxd4 18. Qxd4 Nb4 19. Qxd8 Raxd8 20. Bf1 Rxd1 21. Rxd1
Nxa2 22. Nb6 Nb4 23. Rd7 Bc6 24. Rd1 Rb8 25. Nd7 Rd8 26. Rc1 Bxd7 27. Rc7 Nd5
28. Ra7 Bb5 29. Bxb5 axb5 30. Rb7 b4 31. g3 Bf8 32. Bg5 Rc8 33. h4 Bg7 34. f4 h6
35. Be7 Nxe7 36. Rxe7 Bf8 37. Rd7 Rc2 38. g4 Rc4 39. h5 Rxf4 40. hxg6 Rxg4+ 41.
Kf2 Rxg6 42. Kf3 Rg5 43. Kf4 Rf5+ 44. Ke4 Bg7 45. Rd8+ Kh7 46. Rd3 Rxe5+ 47. Kd4
Rd5+ 48. Kc4 Rxd3 49. Kxd3 Bxb2 0-1

[Event "ch-FRA Blitz Online Qual"]
[Site "Europe-Chess INT"]
[Date "2020.05.16"]
[Round "6"]
[White "Saya, Ethan"]
[Black "Mamedov, Rauf"]
[Result "0-1"]
[BlackTitle "GM"]
[WhiteElo "2199"]
[BlackElo "2654"]
[WhiteFideId "26095181"]
[BlackFideId "13401653"]
[EventDate "2020.05.16"]

1. e4 c5 2. Nc3 Nc6 3. Bb5 Nd4 4. Nf3 a6 5. Bd3 Nc6 6. O-O d6 7. Re1 e5 8. Bf1
g5 9. d3 g4 10. Nd2 h5 11. Nd5 h4 12. c3 Bg7 13. Nb3 Be6 14. Be3 Nce7 15. Nxe7
Nxe7 16. d4 c4 17. Nd2 b5 18. a4 g3 19. axb5 axb5 20. b3 gxh2+ 21. Kh1 h3 22. g3
d5 23. bxc4 bxc4 24. Kxh2 exd4 25. Bxd4 Bxd4 26. cxd4 Rxa1 27. Qxa1 O-O 28. exd5
Nxd5 29. Nxc4 Qf6 30. Qb2 Ra8 31. Ne5 Kg7 32. Qd2 Ne7 33. Bd3 Ra2 34. Bc2 Nd5
35. Kg1 Nb4 36. Qxb4 Rxc2 37. Rf1 h2+ 38. Kxh2 Qh6+ 39. Kg1 Bd5 40. Qf8+ Kxf8
41. Nd7+ Kg7 0-1

[Event "ch-FRA Blitz Online Qual"]
[Site "Europe-Chess INT"]
[Date "2020.05.16"]
[Round "6"]
[White "Ternault, Mathieu"]
[Black "Lagarde, Maxime"]
[Result "0-1"]
[WhiteTitle "FM"]
[BlackTitle "GM"]
[WhiteElo "2363"]
[BlackElo "2655"]
[WhiteFideId "20641532"]
[BlackFideId "662399"]
[EventDate "2020.05.16"]

1. d4 f5 2. h3 d5 3. Bf4 Nf6 4. e3 e6 5. Nf3 Bd6 6. Bxd6 cxd6 7. c4 Nc6 8. Nc3
dxc4 9. Bxc4 O-O 10. O-O d5 11. Be2 Ne4 12. Rc1 Bd7 13. Qb3 b6 14. Bb5 Na5 15.
Qa4 Bxb5 16. Nxb5 Qe8 17. Qb4 Qd8 18. Nc7 Qf6 19. Nxa8 Rxa8 20. Rc7 Nc4 21. Rc1
Qd8 22. Qe7 Qxe7 23. Rxe7 Kf8 24. Rc7 Nxb2 25. Rc8+ Rxc8 26. Rxc8+ Ke7 27. Rc7+
Kd6 28. Rxa7 Nc4 29. Rxg7 Nc3 30. a3 h5 31. Rh7 b5 32. Ra7 Kc6 33. Ne5+ Kb6 34.
Ra8 Kb7 35. Re8 Nxa3 36. Nd3 Kb6 37. Rxe6+ Ka5 38. Rf6 b4 39. Rxf5 b3 40. Rxh5
Nc4 41. e4 Ne2+ 42. Kf1 Nf4 43. Rxd5+ Kb6 44. Nxf4 b2 45. Rd8 b1=Q+ 46. Ke2
Qxe4+ 0-1

[Event "ch-FRA Blitz Online Qual"]
[Site "Europe-Chess INT"]
[Date "2020.05.16"]
[Round "6"]
[White "Edouard, Romain"]
[Black "Le Goff, Ronan"]
[Result "1-0"]
[WhiteTitle "GM"]
[BlackTitle "FM"]
[WhiteElo "2649"]
[BlackElo "2267"]
[WhiteFideId "633429"]
[BlackFideId "612073"]
[EventDate "2020.05.16"]

1. d4 d5 2. c4 e6 3. Nf3 Nf6 4. Nc3 Be7 5. Bf4 O-O 6. Rc1 b6 7. cxd5 Nxd5 8.
Nxd5 Qxd5 9. a3 c5 10. g3 Bb7 11. Bg2 Nc6 12. dxc5 Qxd1+ 13. Rxd1 Bxc5 14. b4
Be7 15. Rd7 Bc8 16. Rc7 Nxb4 17. Rxe7 Nd5 18. Nd4 Nxe7 19. Bxa8 Ba6 20. Bf3 Rd8
21. Nc6 Nxc6 22. Bxc6 e5 23. Bxe5 Rc8 24. Bf3 1-0

[Event "ch-FRA Blitz Online Qual"]
[Site "Europe-Chess INT"]
[Date "2020.05.16"]
[Round "6"]
[White "Buksa, Nataliya"]
[Black "Gozzoli, Yannick"]
[Result "1/2-1/2"]
[WhiteTitle "IM"]
[BlackTitle "GM"]
[WhiteElo "2410"]
[BlackElo "2600"]
[WhiteFideId "14123622"]
[BlackFideId "616915"]
[EventDate "2020.05.16"]

1. d4 Nf6 2. Nc3 d5 3. Bf4 c5 4. e3 cxd4 5. exd4 Bg4 6. Be2 Bxe2 7. Qxe2 Nc6 8.
Nb5 Rc8 9. Nf3 e6 10. O-O a6 11. Nc3 Be7 12. Nd1 O-O 13. Ne3 b5 14. a4 Qb6 15.
axb5 axb5 16. Rfd1 Ra8 17. c3 b4 18. h3 Rfc8 19. Ng4 bxc3 20. Nxf6+ Bxf6 21.
Rxa8 Rxa8 22. bxc3 Qb3 23. Rc1 Na5 24. Be5 Be7 25. Ne1 Nc4 26. Nd3 Bf8 27. h4 h6
28. h5 Ra2 29. Qd1 Qxd1+ 30. Rxd1 Rc2 31. Rc1 Rd2 32. Ne1 Nxe5 33. dxe5 Bc5 34.
Nf3 Rxf2 35. Kh2 Re2 36. c4 Be3 37. Rc3 Bf4+ 38. Kh3 dxc4 39. Rxc4 Bxe5 40. Nxe5
Rxe5 41. g4 f5 42. Rc8+ Kf7 43. Rc7+ Kf6 44. gxf5 Rxf5 45. Kg4 Rg5+ 46. Kh4 Rd5
47. Kg4 Rd4+ 48. Kf3 e5 49. Rc6+ Kf5 50. Rg6 Rh4 51. Rxg7 Rxh5 52. Rf7+ Ke6 53.
Rg7 Rf5+ 54. Ke4 Rf4+ 55. Ke3 h5 56. Rg5 h4 57. Rh5 Kf6 58. Kd3 Rg4 59. Ke3 Ke6
60. Kd3 Kd5 61. Ke3 Ra4 62. Ke2 Rg4 63. Ke3 Rf4 64. Rh8 Ra4 65. Ke2 Ra2+ 66. Ke1
Rh2 67. Kf1 e4 68. Kg1 Rh3 69. Kg2 Rg3+ 70. Kf2 e3+ 71. Ke2 h3 72. Rh5+ Ke4 73.
Rh4+ Kf5 74. Rh8 Ke5 75. Re8+ Kf6 76. Rf8+ Kg7 77. Rf1 Kg6 78. Rf8 Rg5 79. Rg8+
Kh6 80. Rh8+ Kg6 81. Rxh3 Re5 82. Rxe3 Rxe3+ 83. Kxe3 1/2-1/2

[Event "ch-FRA Blitz Online Qual"]
[Site "Europe-Chess INT"]
[Date "2020.05.16"]
[Round "6"]
[White "Eden, James"]
[Black "Piorun, Kacper"]
[Result "0-1"]
[WhiteTitle "IM"]
[BlackTitle "GM"]
[WhiteElo "2330"]
[BlackElo "2601"]
[WhiteFideId "666491"]
[BlackFideId "1130420"]
[EventDate "2020.05.16"]

1. e4 g6 2. d4 Bg7 3. Nc3 c6 4. Be3 d5 5. Qd2 dxe4 6. Nxe4 Nf6 7. Nxf6+ Bxf6 8.
O-O-O Be6 9. Kb1 Nd7 10. Nf3 Nb6 11. Bg5 Qd5 12. b3 a5 13. Bxf6 exf6 14. c4 Qd7
15. d5 cxd5 16. c5 Nc8 17. Nd4 O-O 18. h4 Ne7 19. h5 g5 20. Bb5 Qc8 21. Rhe1 Nf5
22. Nxe6 fxe6 23. Rc1 Ne7 24. f4 gxf4 25. Qxf4 e5 26. Qg3+ Kh8 27. h6 Rg8 28.
Qh4 Qf5+ 29. Ka1 Ng6 30. Qh2 d4 31. Rf1 Qg5 32. g3 Ne7 33. Bd3 f5 34. Qe2 e4 35.
Qb2 Rad8 36. Bc4 Rg6 37. Rcd1 Qf6 38. Rde1 Qe5 39. Rf2 Rxh6 40. Rd2 Nc6 41. Bb5
d3 42. Bxc6 Qxb2+ 43. Kxb2 Rxc6 44. g4 Rxc5 45. gxf5 Re5 46. Re3 Kg7 47. Kc3 Kf6
48. Rh2 Rc5+ 49. Kb2 Rxf5 50. Rxe4 d2 51. Rh6+ Kg5 52. Reh4 d1=Q 0-1

[Event "ch-FRA Blitz Online Qual"]
[Site "Europe-Chess INT"]
[Date "2020.05.16"]
[Round "6"]
[White "Terrieux, Kevin"]
[Black "Louistisserand, Patrick"]
[Result "1-0"]
[WhiteTitle "IM"]
[BlackTitle "FM"]
[WhiteElo "2448"]
[BlackElo "2245"]
[WhiteFideId "622591"]
[BlackFideId "635049"]
[EventDate "2020.05.16"]

1. d4 Nf6 2. Nc3 c5 3. d5 e6 4. e4 d6 5. Nf3 Be7 6. Bb5+ Nfd7 7. a4 O-O 8. O-O
Na6 9. Re1 Nc7 10. Bf1 a6 11. h3 b6 12. Bf4 e5 13. Be3 Rb8 14. Rb1 h6 15. Qc1
Re8 16. Ne2 b5 17. axb5 axb5 18. Ng3 Nf8 19. c4 Nh7 20. b4 bxc4 21. bxc5 Rxb1
22. Qxb1 dxc5 23. Bxc4 Bd6 24. Nd2 Bd7 25. Nf5 Bxf5 26. exf5 Nf6 27. Ne4 Nxe4
28. Qxe4 Qa8 29. f6 Bf8 30. fxg7 Bxg7 31. Bxc5 Qa5 32. Bd6 Nb5 33. Bxb5 Qxb5 34.
Bc7 Qb7 35. d6 Qxe4 36. Rxe4 Bf6 37. d7 Ra8 38. Bxe5 Bxe5 39. Rxe5 Kf8 40. Kh2
Rd8 41. Re8+ Rxe8 42. dxe8=Q+ Kxe8 43. Kg3 Ke7 44. Kf4 Kf6 45. h4 Kg6 46. g4 Kf6
47. Ke4 Kg6 48. f4 Kf6 49. h5 Ke6 50. g5 hxg5 51. fxg5 Ke7 52. Kf5 Ke8 53. Kf6
Kf8 54. h6 Kg8 55. Ke7 1-0

[Event "ch-FRA Blitz Online Qual"]
[Site "Europe-Chess INT"]
[Date "2020.05.16"]
[Round "6"]
[White "Miralles, Gilles"]
[Black "Hejazipour, Mitra"]
[Result "0-1"]
[WhiteTitle "GM"]
[BlackTitle "WGM"]
[WhiteElo "2418"]
[BlackElo "2300"]
[WhiteFideId "600059"]
[BlackFideId "12505951"]
[EventDate "2020.05.16"]

1. d4 Nf6 2. c4 e6 3. Nf3 b6 4. g3 Bb4+ 5. Nbd2 Bb7 6. Bg2 O-O 7. O-O d5 8. Ne5
Nbd7 9. Qa4 c5 10. cxd5 exd5 11. Nb3 Nxe5 12. dxe5 Qd7 13. Qxd7 Nxd7 14. a3 Ba5
15. Nxa5 bxa5 16. f4 Rab8 17. Bd2 a4 18. Rac1 Rfc8 19. Bh3 Rc7 20. Ba5 Nb6 21.
Rc2 Bc8 22. Bg2 Bf5 23. Rd2 d4 24. Rc1 Rbc8 25. Bf3 Be6 26. g4 Bb3 27. Kf2 Rd7
28. Bxb6 axb6 29. e3 d3 30. e4 c4 31. Ke3 b5 32. f5 Re8 33. Kf4 Rde7 34. g5 Rxe5
35. h4 R5e7 36. Rg1 Re5 37. h5 g6 38. hxg6 fxg6 39. f6 Bc2 40. Rh1 b4 41. Rdh2
h5 42. gxh6 g5+ 43. Kg3 c3 44. h7+ Kh8 45. Rh6 Rf8 46. Rg6 Re6 47. e5 d2 48.
Rxg5 d1=Q 49. Bxd1 Bxd1 50. Rxd1 cxb2 51. f7 Rxf7 52. Rd8+ Kxh7 53. Rh5+ Kg7 54.
Rh1 bxa3 55. Rdh8 Rg6+ 56. Kh3 Kxh8 0-1